Études sur Ferdinand Lassalle (Record no. 165136)

MARC details
000 -LEADER
campo de control de longitud fija 00590nam a2200169 i 4500
001 - NÚMERO DE CONTROL
campo de control 165136
003 - IDENTIFICADOR DE NÚMERO DE CONTROL
campo de control ES-MaACL
005 - FECHA Y HORA DE LA ÚLTIMA TRANSACCIÓN
campo de control 20230906213055.0
008 - DATOS DE LONGITUD FIJA--INFORMACIÓN GENERAL
campo de control de longitud fija 020923s1897 fr |||| | fre d
040 ## - FUENTE DE CATALOGACIÓN
Centro catalogador/agencia de origen CCPB | B
Lengua de catalogación spa
Centro/agencia transcriptor CCPB | B
100 1# - ENTRADA PRINCIPAL--NOMBRE DE PERSONA
Nombre de persona Seillière, Ernest.
9 (RLIN) 105268
245 10 - MENCIÓN DEL TÍTULO
Título Études sur Ferdinand Lassalle
Resto del título : fondateur du Parti Socialiste Allemand /
Mención de responsabilidad, etc. Ernest Seillière.
260 ## - PUBLICACIÓN, DISTRIBUCIÓN, ETC.
Lugar de publicación, distribución, etc. Paris :
Nombre del editor, distribuidor, etc. Librairie Plon, Nourrit et C\pie\s,
Fecha de publicación, distribución, etc. 1897.
300 ## - DESCRIPCIÓN FÍSICA
Extensión XVI, 398 p. ;
Dimensiones 23 cm.
600 14 - PUNTO DE ACCESO ADICIONAL DE MATERIA--NOMBRE DE PERSONA
Nombre de persona Lassalle, Ferdinand-
Subdivisión general Biografías.
9 (RLIN) 128725
852 ## - LOCALIZACIÓN
Ubicación ES-MaACL
Número de control de estantería G-5176
Nota libre -- Rust.
Holdings
Estatus retirado Estado de pérdida Estado de daño No para préstamo Colección Biblioteca de origen Biblioteca actual Ubicación en estantería Fecha de adquisición Fuente de adquisición Total de préstamos Signatura topográfica completa Código de barras Visto por última vez Precio de reemplazo Tipo de ítem Koha
        Libros del s. XIX Biblioteca del Ateneo de Madrid Biblioteca del Ateneo de Madrid Depósito 2 17/01/2008     G-5176 1173150 23/02/2023 23/02/2023 Libro impreso antiguo